Megaciudades : reduciendo la vulnerabilidad a los desastres /
Compendio de información técnica sobre la problemática de las grandes ciudades a ser vulnerables ante amenazas naturales, socionaturales y tecnológicas. Presenta el estado del arte de los conocimientos que existen sobre el problema y la gama de soluciones que se pueden utilizar. Se trata de una vers...
Сохранить в:
| Формат: | |
|---|---|
| Язык: | испанский |
| Опубликовано: |
Lima, Perú :
Intermediate Technology Development Group,
1999, c1999
|
| Предметы: | |
| Метки: |
Нет меток, Требуется 1-ая метка записи!
|
MARC
| LEADER | 00000nam^a2200000^a^4500 | ||
|---|---|---|---|
| 001 | 000173453 | ||
| 005 | 20250521000000.0 | ||
| 009 | 20260310101455.193 | ||
| 020 | |a 9972-47-039-3 | ||
| 037 | |a Acervo ITESO - Biblioteca | ||
| 041 | |a ESP | ||
| 082 | |a 711. 43 |b MEG | ||
| 245 | 0 | 0 | |a Megaciudades : |b reduciendo la vulnerabilidad a los desastres / |
| 264 | 4 | |a Lima, Perú : |b Intermediate Technology Development Group, |c 1999, c1999 | |
| 300 | |a XVI, 155 p. | ||
| 336 | |a texto |b txt |2 rdacontenido | ||
| 337 | |a sin mediación |b n |2 rdamedio | ||
| 338 | |a volumen |b nc |2 rdasoporte | ||
| 500 | |a Traducción de: Megacities: Reducing Vulnerability to Disasters | ||
| 520 | |a Compendio de información técnica sobre la problemática de las grandes ciudades a ser vulnerables ante amenazas naturales, socionaturales y tecnológicas. Presenta el estado del arte de los conocimientos que existen sobre el problema y la gama de soluciones que se pueden utilizar. Se trata de una versión adaptada a la realidad latinoamericana, donde existen grandes urbes en zonas de riesgo, y donde la problemática se agrava por la falta de planeación urbana en muchas de ellas. | ||
| 649 | |a XX | ||
| 650 | |a Zonas Urbanas | ||
| 650 | |a Terremotos - |x Prevención | ||
| 650 | |a Erupciones Volcánicas - |x Prevención | ||
| 650 | |a Deslizamientos de Tierra - |x Prevención | ||
| 650 | |a Inundaciones - |x Prevención | ||
| 650 | |a Desastres - |x Prevención | ||
| 650 | |a Sismología | ||
| 650 | |a Construcción Antisísmica | ||
| 650 | |a Estructuras | ||
| 650 | |a Planeación Urbana | ||
| 650 | |a Desarrollo Urbano | ||
| 650 | |a Urbanismo | ||
| 650 | |a Ingeniería Civil | ||
| 910 | |a Fondo General | ||
| 920 | |a Impresos - Libros | ||
| 930 | |a Colección General | ||
| 905 | |a 101 | ||
| 901 | |a 0500111082 |b IT1 |c ACC |u 20250521 | ||
| 902 | |a https://opac.biblio.iteso.mx/vufind/Record/000173453 | ||